NÁVRHY NA ZVÝŠENIE BEZPEČNOSTI PREVÁDZKY STAVEBNÝCH MECHANIZMOV

Bibliographic Details
Main Author: Hric, Branislav (Author)
Format: Article
Language:Slovak

MARC

LEADER 00000nab a2200000uu 4500
001 vtls010908460
003 SK-MaSNL
005 20260303105808.0
008 230121|2005 xo |||||||||||||||||slo|
015 |a SNBRB 
035 |a (urnnbn)urn:nbn:sk:snk:ar-a07ypy 
035 |a (uuid)c7f0efe8-6ec7-4941-99a4-09642077a9f1 
035 |a urn:nbn:sk:snk-ab8ych 
040 |a SNKBUCL  |b slo  |c SNKBUCL  |e AACR2 
041 0 |a slo 
044 |a xo  |c SK 
100 1 |a Hric, Branislav  |4 aut  |9 1121343 
245 1 0 |a NÁVRHY NA ZVÝŠENIE BEZPEČNOSTI PREVÁDZKY STAVEBNÝCH MECHANIZMOV  |c Branislav Hric 
773 0 |t Bezpečnosť práce : odborný časopis pre problematiku bezpečnosti a ochrany zdravia pri práci  |g Roč. 5, č. 6-7 (2005), s. 81-84 
954 |a odborná, vedecká literatúra pôvodná (slovenská)  |2 lita 
958 |a OND 
958 |a EUIPO 
958 |a article10 
999 |c 1865528  |d 1867458